| 000 | 00404nam a22001577a 4500 | ||
|---|---|---|---|
| 003 | SISC | ||
| 005 | 20160224134919.0 | ||
| 008 | 140224t xxu||||| |||| 00| 0 eng d | ||
| 020 | _a0858352680 | ||
| 050 |
_aQB 631.4 _b.Ea12 19-- |
||
| 245 | _aThe earth and the solar system / | ||
| 260 |
_aSingapore : _bBay Books, _c19--. |
||
| 300 |
_a40 p. : _bcol. ill. ; _c25 cm. |
||
| 942 |
_2lcc _cBK |
||
| 999 |
_c42326 _d42326 |
||